Phantom Menace Characters - Statistics

General Stats
  • This quiz has been taken 3 times
  • The average score is 23 of 42
Answer Stats
Picture Answer % Correct
Anakin Skywalker
100%
Bib Fortuna
100%
Boss Nass
100%
Darth Maul
100%
Jabba the Hutt
100%
Jar Jar Binks
100%
Ki-Adi-Mundi
100%
Mace Windu
100%
Nute Gunray
100%
Obi-Wan Kenobi
100%
Padme Amidala
100%
Qui-Gon Jin
100%
R2-D2
100%
Sabe
100%
Sheev Palpatine
100%
Shmi Skywalker
100%
Watto
100%
Adi Gallia
50%
Ben Quadinaros
50%
Captain Panaka
50%
Chancellor Valorum
50%
Eeth Koth
50%
Evan Piell
50%
Gardulla the Hutt
50%
Kitster
50%
Plo Koon
50%
Sebulba
50%
Yaddle
50%
Yoda
50%
Daultay Dofine
0%
Depa Billaba
0%
Fode and Beed
0%
General Tarpals
0%
Jira
0%
Lott Dod
0%
Mas Amedda
0%
Oppo Rancisis
0%
Rune Haako
0%
Saesee Tiin
0%
Sio Bibble
0%
Wald
0%
Yarael Poof
0%
No matching quizzes found
Score Distribution
Percent of People with Each Score
Percentile by Number Answered
Your Score History
You have not taken this quiz